00340nam a2200121Ia 4500008004000000082001500040100001900055245006800074250000500142260004300147300000800190650002000198210210b1994 xxu||||| |||| 00| 0 eng d a181.4 NARS aNARAYANA GURU. aSong of the self: a new translation of atmopadesasatakam. Ed 1. a aKerala.bJayasree Publications.,c1994 a120 aNarayana Guru